[Event "Maplewood inv."]
[Site "Waterloo CAN"]
[Date "2022.11.18"]
[Round "7"]
[White "Kantans, Toms"]
[Black "Noritsyn, Nikolay"]
[Result "0-1"]
[WhiteElo "2395"]
[BlackElo "2446"]
[PlyCount "68"]
[EventDate "2022.11.14"]
[EventType "tourn"]
[EventRounds "9"]
[EventCountry "CAN"]

1. e4 e6 2. d4 d5 3. Nd2 c5 4. Ngf3 cxd4 5. Nxd4 Nf6 6. exd5 Qxd5 7. c3 Bc5 8.
N2b3 Bb6 9. c4 Qe5+ 10. Be2 O-O 11. Nf3 Qe4 12. Bg5 Rd8 13. Qc1 Nc6 14. c5 Bc7
15. Nbd2 Ba5 16. Kf1 Bxd2 17. Bxd2 e5 18. Bg5 Qf5 19. h3 h6 20. g4 Qe6 21. Be3
Nd5 22. Rg1 b6 23. Rg3 e4 24. Nd2 Bb7 25. Nb3 Nxe3+ 26. Qxe3 Nb4 27. Qf4 g5 28.
Qc1 Rac8 29. Bc4 Bd5 30. Bxd5 Rxd5 31. Qc3 bxc5 32. Re1 Nd3 33. Re2 Nf4 34. Re1
Qa6+ 0-1

[Event "Maplewood inv."]
[Site "Waterloo CAN"]
[Date "2022.11.18"]
[Round "7"]
[White "Ortiz Suarez, Isan Reynaldo"]
[Black "Sambuev, Bator"]
[Result "1-0"]
[WhiteElo "2520"]
[BlackElo "2432"]
[PlyCount "151"]
[EventDate "2022.11.14"]
[EventType "tourn"]
[EventRounds "9"]
[EventCountry "CAN"]

1. e4 e5 2. Nf3 Nc6 3. Bb5 a6 4. Ba4 d6 5. c3 Bd7 6. O-O g6 7. d4 Bg7 8. d5
Nce7 9. c4 h6 10. Nc3 f5 11. Bxd7+ Qxd7 12. Ne1 Nf6 13. f3 O-O 14. Nd3 g5 15.
Bd2 Rf7 16. Nf2 f4 17. Qa4 Qd8 18. b4 Bf8 19. g4 h5 20. h3 c6 21. Qb3 Rc8 22.
Rfc1 Ng6 23. Be1 hxg4 24. hxg4 Nh4 25. Ne2 Rh7 26. Kf1 Kg7 27. Ng1 Be7 28. Rc2
Qd7 29. Rac1 cxd5 30. cxd5 Rxc2 31. Rxc2 Bd8 32. a4 Bb6 33. b5 axb5 34. Qxb5
Qxb5+ 35. axb5 Rh8 36. Bb4 Rd8 37. Ke2 Ne8 38. Ngh3 Kf6 39. Nd1 Ra8 40. Nhf2
Ke7 41. Nd3 Kd7 42. N1b2 Ra2 43. Nc1 Ra1 44. Nc4 Bg1 45. Nb3 Ra4 46. Ba5 Ke7
47. Be1 Ng2 48. Bd2 Ne3 49. Bxe3 Bxe3 50. Nba5 Rb4 51. Nxb7 Rxb5 52. Nba5 Bc5
53. Nc6+ Kf6 54. Rb2 Nc7 55. Kd3 Rxb2 56. Nxb2 Nb5 57. Na4 Bd4 58. Kc4 Na3+ 59.
Kb3 Nb1 60. Nxd4 exd4 61. Kc2 Na3+ 62. Kd3 Nb5 63. Nb6 Nc3 64. Nc4 Ke7 65. Kxd4
Ne2+ 66. Kd3 Ng1 67. Nd2 Kd7 68. e5 dxe5 69. Ke4 Kd6 70. Nc4+ Ke7 71. Nxe5 Ne2
72. Kd3 Ng1 73. Kd4 Kf6 74. d6 Ne2+ 75. Kd5 Nc3+ 76. Kc6 1-0

[Event "Maplewood inv."]
[Site "Waterloo CAN"]
[Date "2022.11.18"]
[Round "7"]
[White "Plotkin, Mark"]
[Black "Liang, Jason"]
[Result "0-1"]
[WhiteElo "2361"]
[BlackElo "2492"]
[PlyCount "84"]
[EventDate "2022.11.14"]
[EventType "tourn"]
[EventRounds "9"]
[EventCountry "CAN"]

1. Nf3 d5 2. g3 Nd7 3. Bg2 e5 4. d3 Ngf6 5. O-O Be7 6. Nbd2 O-O 7. e4 dxe4 8.
dxe4 c6 9. Qe2 Re8 10. Rd1 Qc7 11. b3 b5 12. Bb2 a5 13. a3 Ba6 14. Bf1 Bf8 15.
Qe1 Nc5 16. Rac1 g6 17. c4 b4 18. axb4 axb4 19. Ra1 Bh6 20. h4 Rad8 21. Ng5 Bc8
22. Ndf3 Rxd1 23. Rxd1 Bg4 24. Be2 Bf8 25. Nh2 Bc8 26. f4 Nfxe4 27. Bxe5 Qa7
28. Nxe4 Nxe4+ 29. Kg2 f6 30. Bd4 c5 31. Be3 Nc3 32. Rd3 Qa2 33. Rd2 Qxb3 34.
Bg4 Bb7+ 35. Kh3 Qxc4 36. Bd7 Re7 37. Ng4 Ne4 38. f5 h5 39. Nh6+ Bxh6 40. Bxh6
Nxd2 41. Qxe7 Qf1+ 42. Kh2 Qg2# 0-1

[Event "Maplewood inv."]
[Site "Waterloo CAN"]
[Date "2022.11.18"]
[Round "7"]
[White "Samsonkin, Artiom"]
[Black "Rodrigue-Lemieux, Shawn"]
[Result "1-0"]
[WhiteElo "2421"]
[BlackElo "2465"]
[PlyCount "61"]
[EventDate "2022.11.14"]
[EventType "tourn"]
[EventRounds "9"]
[EventCountry "CAN"]

1. e4 c5 2. Nf3 d6 3. d4 cxd4 4. Qxd4 Nc6 5. Qe3 g6 6. c4 Bg7 7. Be2 Nf6 8. Nc3
O-O 9. h3 Nd7 10. O-O Nc5 11. Rb1 Bxc3 12. Qxc3 Nxe4 13. Qe3 Qb6 14. Qh6 Nd4
15. Nxd4 Qxd4 16. Be3 Qg7 17. Qh4 f5 18. Bf3 g5 19. Qh5 Be6 20. Bxe4 fxe4 21.
b3 Rf5 22. Rbd1 b5 23. cxb5 Rxb5 24. Bd4 Qg6 25. Qe2 a6 26. f3 exf3 27. Rxf3
Bd5 28. Rg3 Re8 29. a4 Rxb3 30. Be3 Qe4 31. Rxd5 1-0

[Event "Maplewood inv."]
[Site "Waterloo CAN"]
[Date "2022.11.18"]
[Round "8"]
[White "Liang, Jason"]
[Black "Samsonkin, Artiom"]
[Result "1-0"]
[WhiteElo "2492"]
[BlackElo "2421"]
[PlyCount "77"]
[EventDate "2022.11.14"]
[EventType "tourn"]
[EventRounds "9"]
[EventCountry "CAN"]

1. e4 c5 2. Nf3 d6 3. d4 cxd4 4. Nxd4 Nf6 5. Nc3 a6 6. h3 e5 7. Nde2 h5 8. g3
Be6 9. Bg2 Nbd7 10. a4 Rc8 11. O-O Be7 12. b3 g6 13. Be3 h4 14. f4 Nf8 15. f5
Bd7 16. g4 gxf5 17. exf5 Bc6 18. g5 Rg8 19. Bxc6+ bxc6 20. Kh2 Nd5 21. Nxd5
cxd5 22. f6 d4 23. fxe7 Qxe7 24. Bf2 Ne6 25. Qd3 Qb7 26. Bxh4 e4 27. Qd2 Rh8
28. Bg3 e3 29. Qd3 Nxg5 30. h4 Qd7 31. Rf5 Rc5 32. Raf1 Qe7 33. Nxd4 Ne4 34.
R1f4 Nxg3 35. Kxg3 Rg8+ 36. Kf3 e2 37. Qxe2 Re5 38. Rxe5 dxe5 39. Nc6 1-0

[Event "Maplewood inv."]
[Site "Waterloo CAN"]
[Date "2022.11.18"]
[Round "8"]
[White "Ortiz Suarez, Isan Reynaldo"]
[Black "Plotkin, Mark"]
[Result "1-0"]
[WhiteElo "2520"]
[BlackElo "2361"]
[PlyCount "99"]
[EventDate "2022.11.14"]
[EventType "tourn"]
[EventRounds "9"]
[EventCountry "CAN"]

1. e4 c5 2. Nc3 e6 3. g3 Nc6 4. Bg2 h5 5. h3 Rb8 6. Nge2 b5 7. d4 b4 8. Na4
cxd4 9. Nxd4 Qa5 10. b3 Ba6 11. Be3 Nf6 12. f4 Be7 13. Nxc6 dxc6 14. Bxa7 Rb7
15. Be3 Rd7 16. Qf3 c5 17. Qf2 Bb7 18. Bxc5 Nxe4 19. Bxe4 Bxe4 20. O-O O-O 21.
Rad1 Rxd1 22. Rxd1 Bxc5 23. Qxc5 Qa8 24. Rd2 h4 25. gxh4 Bf5 26. Qe3 Rc8 27. c4
bxc3 28. Nxc3 Qa3 29. Kh2 Qa5 30. Ne2 Kh7 31. Ng3 Rc3 32. Qd4 Rf3 33. Rf2 Rd3
34. Qe5 Qa7 35. Qe2 Qd4 36. b4 Ra3 37. Qb2 Qe3 38. Rg2 f6 39. b5 Rd3 40. Qf2
Qc1 41. b6 Rd7 42. Qf3 Bg6 43. f5 exf5 44. h5 Be8 45. Qxf5+ Kh8 46. Qe6 Rd8 47.
Qe7 Rc8 48. Ne2 Qh6 49. b7 Rb8 50. Qc7 1-0

[Event "Maplewood inv."]
[Site "Waterloo CAN"]
[Date "2022.11.18"]
[Round "8"]
[White "Rodrigue-Lemieux, Shawn"]
[Black "Bosiocic, Marin"]
[Result "0-1"]
[WhiteElo "2465"]
[BlackElo "2536"]
[PlyCount "44"]
[EventDate "2022.11.14"]
[EventType "tourn"]
[EventRounds "9"]
[EventCountry "CAN"]

1. e4 c5 2. Nf3 Nc6 3. Bb5 e6 4. Bxc6 bxc6 5. b3 f6 6. O-O Ne7 7. Re1 Ng6 8.
Ba3 e5 9. Nc3 Be7 10. Na4 d6 11. c3 Bg4 12. h3 Be6 13. d4 Qc8 14. dxc5 d5 15.
Qc2 Nf4 16. Bc1 Nxg2 17. Kxg2 Bxh3+ 18. Kh2 Qg4 19. Rg1 Qh5 20. Rg3 Bf5+ 21.
Kg1 Bxe4 22. Qe2 f5 0-1

[Event "Maplewood inv."]
[Site "Waterloo CAN"]
[Date "2022.11.18"]
[Round "8"]
[White "Sai Krishna, GV."]
[Black "Kantans, Toms"]
[Result "0-1"]
[WhiteElo "2395"]
[BlackElo "2396"]
[PlyCount "130"]
[EventDate "2022.11.14"]
[EventType "tourn"]
[EventRounds "9"]
[EventCountry "CAN"]

1. e4 c5 2. Nf3 d6 3. d4 cxd4 4. Nxd4 Nf6 5. Nc3 a6 6. Bg5 Nbd7 7. Bc4 Qb6 8.
Bb3 e6 9. Qd2 Be7 10. O-O-O Nc5 11. Rhe1 h6 12. Bxf6 Bxf6 13. f4 O-O 14. g4
Bxd4 15. Qxd4 e5 16. Qg1 Nxb3+ 17. axb3 Qxg1 18. Rxg1 exf4 19. g5 hxg5 20. Rxg5
f6 21. Rg6 Be6 22. Rdg1 Rf7 23. Ne2 f3 24. Nd4 Re8 25. Nxf3 Bd7 26. Nd2 Bc6 27.
R6g4 d5 28. exd5 Bxd5 29. Nc4 Re2 30. h4 Rc7 31. Nd2 Kh7 32. c4 Be6 33. Re4
Rxe4 34. Nxe4 b5 35. Kd2 bxc4 36. b4 Rd7+ 37. Ke2 Bf7 38. Nc5 Rd6 39. Ra1 Rb6
40. Nxa6 c3 41. b3 c2 42. Kd2 Bxb3 43. Nc5 Rxb4 44. Nxb3 Rxb3 45. Kxc2 Rb4 46.
Rh1 Kh6 47. Kd3 Kh5 48. Rg1 Rg4 49. Rb1 Rxh4 50. Ke3 g5 51. Kf3 f5 52. Rb8 Rh3+
53. Kg2 Rc3 54. Rb4 f4 55. Kh2 Kg4 56. Rb2 Kf3 57. Kg1 Rc1+ 58. Kh2 Re1 59.
Rb3+ Re3 60. Rb1 Re2+ 61. Kh1 g4 62. Rf1+ Kg3 63. Kg1 f3 64. Kh1 Rh2+ 65. Kg1
f2+ 0-1

[Event "Maplewood inv."]
[Site "Waterloo CAN"]
[Date "2022.11.18"]
[Round "8"]
[White "Sambuev, Bator"]
[Black "Noritsyn, Nikolay"]
[Result "1/2-1/2"]
[WhiteElo "2432"]
[BlackElo "2446"]
[PlyCount "183"]
[EventDate "2022.11.14"]
[EventType "tourn"]
[EventRounds "9"]
[EventCountry "CAN"]

1. d4 e6 2. c4 d5 3. Nc3 a6 4. cxd5 exd5 5. Nf3 Nf6 6. Bg5 Be6 7. e3 Nbd7 8. h3
Bd6 9. Bd3 c6 10. Bf4 Qc7 11. Bxd6 Qxd6 12. Qc2 O-O 13. O-O Rfe8 14. Rab1 a5
15. Nd2 Nb6 16. Nb3 Nbd7 17. f4 Nf8 18. Rbe1 b6 19. Qf2 a4 20. Nd2 Qb4 21. Ndb1
Bc8 22. a3 Qa5 23. g4 Ba6 24. Bxa6 Qxa6 25. g5 Ne4 26. Nxe4 Rxe4 27. Nc3 Ree8
28. f5 Qd3 29. Re2 Ra7 30. Rd1 Qc4 31. f6 g6 32. Rc2 Re6 33. h4 h5 34. Qe2 Qxe2
35. Rxe2 Rd6 36. Rc2 Ne6 37. Na2 Kf8 38. Nb4 Rc7 39. Rdc1 Nd8 40. Kf2 Ke8 41.
Kf3 Kd7 42. Nd3 Kc8 43. Ne5 Kb7 44. Rc3 Rc8 45. b3 axb3 46. Rxb3 Ra8 47. Rcb1
Ra6 48. a4 Kc7 49. Rb4 Re6 50. e4 dxe4+ 51. Kxe4 c5 52. Rc4 Nc6 53. Kf4 Nxe5
54. dxe5 Ra8 55. Rd1 Kc6 56. Ra1 Kd5 57. Re4 Kc6 58. Re2 Kc7 59. Rd2 Kc6 60.
Ke4 Kc7 61. Rdd1 Kc6 62. Rd5 Ra5 63. Ra2 Kc7 64. Kd3 Kc6 65. Ke4 Kc7 66. Kf4
Ra8 67. a5 Kc6 68. Rad2 Rxa5 69. Rd6+ Rxd6 70. Rxd6+ Kc7 71. Rd5 Ra4+ 72. Ke3
Ra1 73. Ke2 Ra2+ 74. Ke3 Ra3+ 75. Ke2 c4 76. e6 fxe6 77. Rd4 b5 78. Rf4 Ra8 79.
Ke3 Kd6 80. Rd4+ Kc6 81. Ke4 Ra1 82. Rd8 Re1+ 83. Kf3 b4 84. Kg2 Re2+ 85. Kg3
Re3+ 86. Kg2 Re2+ 87. Kg3 Re3+ 88. Kg2 Re2+ 89. Kg3 Re3+ 90. Kg2 Re2+ 91. Kg3
Re3+ 92. Kg2 1/2-1/2

[Event "Maplewood inv."]
[Site "Waterloo CAN"]
[Date "2022.11.19"]
[Round "9"]
[White "Bosiocic, Marin"]
[Black "Liang, Jason"]
[Result "1/2-1/2"]
[WhiteElo "2536"]
[BlackElo "2492"]
[PlyCount "93"]
[EventDate "2022.11.14"]
[EventType "tourn"]
[EventRounds "9"]
[EventCountry "CAN"]

1. Nf3 d5 2. g3 g6 3. Bg2 Bg7 4. O-O e5 5. d3 Nc6 6. c3 a5 7. e4 dxe4 8. dxe4
Qxd1 9. Rxd1 Nf6 10. Re1 O-O 11. a4 Be6 12. Na3 h6 13. Nb5 Rac8 14. Bf1 Rfd8
15. Nd2 Nd7 16. Bc4 Bxc4 17. Nxc4 Nc5 18. f3 Nb3 19. Ra3 Nxc1 20. Rxc1 Rd7 21.
Kf2 Rcd8 22. Ke2 Nb8 23. Raa1 Na6 24. Rd1 b6 25. Na7 f6 26. Rxd7 Rxd7 27. Nc6
Bf8 28. f4 exf4 29. gxf4 Nc5 30. e5 fxe5 31. fxe5 Ne6 32. Rf1 Bg7 33. Ke3 h5
34. Rg1 Bh6+ 35. Ke2 Kg7 36. h4 Nf4+ 37. Kf3 Ne6 38. Kf2 Rf7+ 39. Ke2 Rf4 40.
b3 Rxh4 41. Rd1 Nc5 42. Rd4 Rh2+ 43. Kf1 Rc2 44. Rd8 Rc1+ 45. Ke2 Rc2+ 46. Kf1
Rc1+ 47. Ke2 1/2-1/2

[Event "Maplewood inv."]
[Site "Waterloo CAN"]
[Date "2022.11.19"]
[Round "9"]
[White "Kantans, Toms"]
[Black "Rodrigue-Lemieux, Shawn"]
[Result "0-1"]
[WhiteElo "2396"]
[BlackElo "2465"]
[PlyCount "74"]
[EventDate "2022.11.14"]
[EventType "tourn"]
[EventRounds "9"]
[EventCountry "CAN"]

1. e4 c6 2. d4 d5 3. e5 Bf5 4. g4 Be4 5. f3 Bg6 6. e6 fxe6 7. h4 Qd6 8. h5 Qg3+
9. Ke2 Bf7 10. Nh3 Qc7 11. Kf2 e5 12. Ng5 Nh6 13. Bd3 Bg8 14. c3 Nd7 15. Kg2
O-O-O 16. Re1 exd4 17. cxd4 e5 18. Nc3 Bd6 19. Be3 e4 20. fxe4 dxe4 21. Bxe4
Nf6 22. Bf3 Bg3 23. Nb5 cxb5 24. Rc1 Bc4 25. Ne6 Qd6 26. Qb3 Nd5 27. Rxc4+ bxc4
28. Qxc4+ Kb8 29. Bxd5 Nxg4 30. Qb3 Nxe3+ 31. Rxe3 Qxd5+ 32. Kxg3 Qxb3 33. axb3
Rhe8 34. Kf4 Rd6 35. Nxg7 Rxd4+ 36. Kf3 Rxe3+ 37. Kxe3 Rb4 0-1

[Event "Maplewood inv."]
[Site "Waterloo CAN"]
[Date "2022.11.19"]
[Round "9"]
[White "Noritsyn, Nikolay"]
[Black "Sai Krishna, GV."]
[Result "1-0"]
[WhiteElo "2446"]
[BlackElo "2396"]
[PlyCount "95"]
[EventDate "2022.11.14"]
[EventType "tourn"]
[EventRounds "9"]
[EventCountry "CAN"]

1. e4 e5 2. Nf3 Nc6 3. Bc4 Nf6 4. d3 Be7 5. O-O O-O 6. Re1 d6 7. a4 Kh8 8. a5
a6 9. h3 Ng8 10. Nc3 f5 11. Nd5 f4 12. d4 g5 13. b4 g4 14. hxg4 Bxg4 15. Bb2
Bf6 16. Ra3 Bg7 17. Be2 Bxf3 18. Rxf3 Nge7 19. Rh3 exd4 20. Bd3 f3 21. gxf3 Ng6
22. Bc1 Be5 23. Kh1 Qd7 24. Rh5 Nce7 25. Rg1 Qe6 26. Nxc7 Qf7 27. Nxa8 Nf4 28.
Rxe5 dxe5 29. Bxf4 Qxf4 30. Nb6 Ng6 31. Rg3 Qh6+ 32. Kg1 Rf4 33. Qc1 Qh5 34.
Qf1 Rh4 35. Qg2 Kg7 36. Nd5 Kf7 37. Bc4 Kf8 38. Be2 Qh6 39. f4 exf4 40. Rg5 Ke8
41. Bf3 d3 42. cxd3 Qg7 43. e5 Qf7 44. Bh5 Rxh5 45. Rxh5 f3 46. Nf6+ Qxf6 47.
exf6 fxg2 48. Rxh7 1-0

[Event "Maplewood inv."]
[Site "Waterloo CAN"]
[Date "2022.11.19"]
[Round "9"]
[White "Plotkin, Mark"]
[Black "Sambuev, Bator"]
[Result "1-0"]
[WhiteElo "2361"]
[BlackElo "2432"]
[PlyCount "113"]
[EventDate "2022.11.14"]
[EventType "tourn"]
[EventRounds "9"]
[EventCountry "CAN"]

1. d4 Nf6 2. c4 e6 3. Nf3 d5 4. g3 Be7 5. Bg2 O-O 6. O-O c6 7. Nfd2 Qb6 8. e3
c5 9. cxd5 exd5 10. dxc5 Qxc5 11. Nb3 Qd6 12. Nc3 Rd8 13. Qe2 Bg4 14. f3 Be6
15. Nb5 Qb6 16. Bd2 Nc6 17. Bc3 Bd7 18. Rfd1 a6 19. N5d4 Re8 20. g4 h6 21. Rac1
Bb4 22. Nxc6 Bxc3 23. Rxc3 Bxc6 24. Rd4 Re7 25. h4 g6 26. Qd2 Rae8 27. Kf2 Re5
28. Rf4 Nh7 29. h5 g5 30. Rd4 f5 31. gxf5 Rxf5 32. Ke1 Qc7 33. Kd1 Qh2 34. Kc2
Qxh5 35. Nc5 Qg6 36. Kc1 Rf7 37. Nd3 Rfe7 38. Nb4 Nf6 39. b3 a5 40. Nc2 Bd7 41.
Kb2 Bf5 42. Na3 h5 43. Nb5 Rd7 44. Bf1 g4 45. Nc7 Red8 46. Bb5 gxf3 47. Bxd7
Rxd7 48. Nxd5 Nxd5 49. Rxd5 Rf7 50. e4 Bxe4 51. Rg5 f2 52. Rxg6+ Bxg6 53. Rc8+
Kh7 54. Qd4 Kh6 55. Qe3+ Kh7 56. Qe5 Rg7 57. Rf8 1-0

[Event "Maplewood inv."]
[Site "Waterloo CAN"]
[Date "2022.11.19"]
[Round "9"]
[White "Samsonkin, Artiom"]
[Black "Ortiz Suarez, Isan Reynaldo"]
[Result "0-1"]
[WhiteElo "2421"]
[BlackElo "2520"]
[PlyCount "82"]
[EventDate "2022.11.14"]
[EventType "tourn"]
[EventRounds "9"]
[EventCountry "CAN"]

1. e4 c5 2. Nf3 d6 3. Bb5+ Nd7 4. a4 Ngf6 5. Nc3 a6 6. Be2 g6 7. a5 Bg7 8. O-O
O-O 9. d3 b6 10. axb6 Nxb6 11. Kh1 a5 12. Bd2 Bd7 13. Qc1 Qc7 14. Bh6 Rfb8 15.
Bxg7 Kxg7 16. Nd2 Bc6 17. f4 a4 18. Bf3 e5 19. fxe5 dxe5 20. Qe1 Qd6 21. Qg3 c4
22. Be2 cxd3 23. cxd3 Rb7 24. Nf3 Nbd7 25. d4 Nh5 26. Qf2 Rxb2 27. d5 Bb7 28.
Nxa4 Rxe2 29. Qxe2 Ba6 30. Qe1 Bxf1 31. Qxf1 Qb4 32. Nc3 Rc8 33. Nb5 Rc2 34.
Rb1 Qxe4 35. Nd6 Qf4 36. Qb5 Nhf6 37. Ne8+ Nxe8 38. Qxd7 Nf6 39. Qd6 Ng4 40.
Rf1 Rc1 41. Qa6 e4 0-1

[Event "Maritime Chess Festival op"]
[Site "Summerside CAN"]
[Date "2022.10.08"]
[Round "1"]
[White "Beloungie, Lance"]
[Black "Martinovsky, Ian"]
[Result "0-1"]
[WhiteElo "1801"]
[BlackElo "2108"]
[PlyCount "62"]
[EventDate "2022.10.08"]
[EventType "swiss"]
[EventRounds "6"]
[EventCountry "CAN"]
[TimeControl "5400+30"]

1. d4 c5 2. d5 f5 3. Bg5 Qb6 4. Qc1 Nf6 5. c4 Ne4 6. Bf4 Qb4+ 7. Nd2 d6 8. Ngf3
g6 9. a3 Qa5 10. Ng5 Nxg5 11. Bxg5 h6 12. Be3 Bg7 13. g3 b5 14. Rb1 bxc4 15.
Bg2 Ba6 16. O-O Qa4 17. Re1 Nd7 18. b3 cxb3 19. Nxb3 Rc8 20. Bd2 c4 21. Na1 c3
22. Be3 Ne5 23. Rb4 Qd7 24. Qc2 Nc4 25. Qd3 Nxe3 26. Qxa6 c2 27. Nb3 Nxg2 28.
Kxg2 O-O 29. Rb7 Rc7 30. Rb4 Rfc8 31. Nc1 Bc3 0-1

[Event "Maritime Chess Festival op"]
[Site "Summerside CAN"]
[Date "2022.10.08"]
[Round "1"]
[White "Cashin, Sean Ken"]
[Black "Desforges, Jean"]
[Result "0-1"]
[WhiteElo "1588"]
[BlackElo "2054"]
[PlyCount "96"]
[EventDate "2022.10.08"]
[EventType "swiss"]
[EventRounds "6"]
[EventCountry "CAN"]
[TimeControl "5400+30"]

1. e4 Nf6 2. e5 Nd5 3. d4 d6 4. c4 Nb6 5. Nf3 g6 6. b3 Bg7 7. Bb2 Nc6 8. Be2
Bg4 9. O-O dxe5 10. dxe5 Qxd1 11. Rxd1 Bxf3 12. gxf3 Nxe5 13. Nc3 Ned7 14. Rd2
c6 15. Rad1 O-O-O 16. f4 Nc5 17. Bf3 Rxd2 18. Rxd2 Rd8 19. Rxd8+ Kxd8 20. Ne4
Nxe4 21. Bxg7 Nd2 22. Bg2 f6 23. h4 a5 24. Bh6 f5 25. Bg7 a4 26. Bd4 Nd7 27.
bxa4 Nxc4 28. Kf1 Ncb6 29. a5 Nd5 30. Bxd5 cxd5 31. Ke2 Kc7 32. Kd3 Kc6 33. a4
Nc5+ 34. Bxc5 Kxc5 35. Kc3 d4+ 36. Kd3 Kd5 37. f3 Kc5 38. Kd2 Kb4 39. Kd3 Kxa5
40. Kxd4 Kxa4 41. Kc4 b5+ 42. Kc3 Ka3 43. Kc2 b4 44. Kb1 b3 45. Ka1 b2+ 46. Kb1
Kb3 47. h5 Kc3 48. h6 e6 0-1

[Event "Maritime Chess Festival op"]
[Site "Summerside CAN"]
[Date "2022.10.08"]
[Round "2"]
[White "Marchand, Calix"]
[Black "Manley, Jason"]
[Result "0-1"]
[WhiteElo "1708"]
[BlackElo "2076"]
[PlyCount "74"]
[EventDate "2022.10.08"]
[EventType "swiss"]
[EventRounds "6"]
[EventCountry "CAN"]
[TimeControl "5400+30"]

1. e4 e6 2. d4 d5 3. exd5 exd5 4. Bd3 Nc6 5. c3 Bd6 6. Nf3 Bg4 7. h3 Bh5 8. O-O
Nge7 9. Re1 Qd7 10. Nbd2 O-O-O 11. Qc2 Bg6 12. b4 Bxd3 13. Qxd3 Ng6 14. Nb3
Rde8 15. Be3 Nce7 16. Nc5 Bxc5 17. bxc5 f6 18. Rab1 Nc6 19. Rb2 Nd8 20. Reb1
Qc6 21. c4 Ne7 22. Nd2 g6 23. Qa3 a6 24. Nb3 dxc4 25. Na5 Qd5 26. Nxb7 Ndc6 27.
Qxa6 Kd7 28. Qb5 Ra8 29. a4 Rhb8 30. Bd2 Ra7 31. a5 Raxb7 32. Qxb7 Rxb7 33.
Rxb7 Qxd4 34. Be3 Qd3 35. a6 c3 36. a7 Nxa7 37. Rxa7 Qxb1+ 0-1

[Event "Maritime Chess Festival op"]
[Site "Summerside CAN"]
[Date "2022.10.09"]
[Round "3"]
[White "Bogle, Bill"]
[Black "Moreno Herrera, Rodrigo"]
[Result "0-1"]
[WhiteElo "2072"]
[BlackElo "1641"]
[PlyCount "106"]
[EventDate "2022.10.08"]
[EventType "swiss"]
[EventRounds "6"]
[EventCountry "CAN"]
[TimeControl "5400+30"]

1. d4 d5 2. Bf4 Nf6 3. e3 c5 4. c3 Nc6 5. Nd2 Bf5 6. Ngf3 Qb6 7. Nh4 Bc8 8. Qc2
Nh5 9. Bg3 Nxg3 10. hxg3 Bd7 11. Be2 Rc8 12. Qb3 c4 13. Qc2 e5 14. dxe5 Nxe5
15. Nhf3 Nxf3+ 16. Nxf3 g6 17. O-O Bg7 18. Rfd1 Bf5 19. Qd2 O-O 20. Nh4 Be6 21.
g4 Bf6 22. g3 Bxh4 23. gxh4 Qd8 24. Kg2 Qxh4 25. Rh1 Qe7 26. f4 Rce8 27. Qd4 f5
28. g5 b6 29. Bf3 Qg7 30. Rad1 Rf7 31. Kf2 Qxd4 32. Rxd4 Rd7 33. Rhd1 Red8 34.
Rh1 Kf8 35. Ke2 Bg8 36. Rhd1 Ke7 37. R1d2 b5 38. Rd1 a5 39. a3 Rd6 40. R4d2
R8d7 41. Kf2 Be6 42. Ke2 Kd8 43. e4 fxe4 44. Bxe4 dxe4 45. Rxd6 Bg4+ 46. Ke1
Bxd1 47. Rxd1 Rxd1+ 48. Kxd1 Kd7 49. Ke2 Ke6 50. Kd2 Kf5 51. a4 bxa4 52. Ke3 a3
53. bxa3 a4 0-1

[Event "Maritime Chess Festival op"]
[Site "Summerside CAN"]
[Date "2022.10.09"]
[Round "3"]
[White "Felix, Chris"]
[Black "Desforges, Jean"]
[Result "1/2-1/2"]
[WhiteElo "1770"]
[BlackElo "2054"]
[PlyCount "115"]
[EventDate "2022.10.08"]
[EventType "swiss"]
[EventRounds "6"]
[EventCountry "CAN"]
[TimeControl "5400+30"]

1. e4 Nf6 2. e5 Nd5 3. d4 d6 4. Nf3 g6 5. Bc4 Nb6 6. Bb3 Bg7 7. Ng5 d5 8. f4 f6
9. Nf3 O-O 10. O-O Nc6 11. Bd2 Bg4 12. Be1 fxe5 13. fxe5 Qd7 14. c3 Na5 15.
Nbd2 Bh6 16. Qe2 e6 17. h3 Bxf3 18. Rxf3 Rxf3 19. Nxf3 Nxb3 20. axb3 a6 21. Bd2
Bxd2 22. Qxd2 Qe7 23. Qg5 Qxg5 24. Nxg5 Re8 25. Rf1 h6 26. Nf3 Rf8 27. Nh4
Rxf1+ 28. Kxf1 Kf7 29. g4 a5 30. Nf3 a4 31. Nd2 axb3 32. Nxb3 Na4 33. Nc5 Nxb2
34. Ke2 b6 35. Na6 c6 36. Nb8 c5 37. Nd7 cxd4 38. cxd4 Nc4 39. Kd3 Ke7 40. Nf6
Kf7 41. Nd7 g5 42. Nf6 b5 43. Kc3 Ne3 44. Kb3 Kg6 45. Kc3 Nd1+ 46. Kb4 Nf2 47.
Kxb5 Nxh3 48. Kc6 Nf4 49. Kd6 Kf7 50. Kd7 Ne2 51. Nxd5 Nxd4 52. Nf6 Ne2 53. Kd6
Nf4 54. Kd7 Ng6 55. Kd6 Nf8 56. Ne4 Nh7 57. Nc5 Nf8 58. Ne4 1/2-1/2

[Event "Maritime Chess Festival op"]
[Site "Summerside CAN"]
[Date "2022.10.09"]
[Round "3"]
[White "Manley, Jason"]
[Black "Martinovsky, Ian"]
[Result "1/2-1/2"]
[WhiteElo "2076"]
[BlackElo "2108"]
[PlyCount "49"]
[EventDate "2022.10.08"]
[EventType "swiss"]
[EventRounds "6"]
[EventCountry "CAN"]
[TimeControl "5400+30"]

1. e4 e5 2. Nf3 Nf6 3. Nc3 d6 4. d4 Nbd7 5. Bc4 Be7 6. O-O O-O 7. a4 a5 8. h3
c6 9. Bb3 exd4 10. Nxd4 Nc5 11. Re1 Nxb3 12. Nxb3 Qc7 13. Be3 Re8 14. f4 d5 15.
exd5 Nxd5 16. Nxd5 cxd5 17. Nd4 Bd7 18. Qd3 Rac8 19. c3 Qc4 20. Qxc4 dxc4 21.
Nb5 Kf8 22. Bb6 Bc5+ 23. Bxc5+ Rxc5 24. Rxe8+ Bxe8 25. Nd4 1/2-1/2

[Event "Maritime Chess Festival op"]
[Site "Summerside CAN"]
[Date "2022.10.09"]
[Round "4"]
[White "Desforges, Jean"]
[Black "Zhang, Brian"]
[Result "0-1"]
[WhiteElo "2054"]
[BlackElo "1579"]
[PlyCount "52"]
[EventDate "2022.10.08"]
[EventType "swiss"]
[EventRounds "6"]
[EventCountry "CAN"]
[TimeControl "5400+30"]

1. d4 d5 2. c4 c6 3. Nf3 Nf6 4. Nc3 e6 5. g3 Nbd7 6. Bg2 dxc4 7. e4 b5 8. e5
Nd5 9. Ne4 Bb7 10. O-O h6 11. Nh4 Be7 12. f4 g6 13. Qe2 Qb6 14. Be3 O-O-O 15.
Nf3 Nxe3 16. Qxe3 c5 17. Kh1 cxd4 18. Nxd4 Nc5 19. Nc3 Bxg2+ 20. Kxg2 a6 21.
Nf3 Rd3 22. Qe2 Qc6 23. Rfe1 Rhd8 24. Ne4 Kc7 25. Nxc5 Rd2 26. Ne4 Qxe4 0-1

[Event "Maritime Chess Festival op"]
[Site "Summerside CAN"]
[Date "2022.10.09"]
[Round "4"]
[White "Martinovsky, Ian"]
[Black "Felix, Chris"]
[Result "1-0"]
[WhiteElo "2108"]
[BlackElo "1770"]
[PlyCount "79"]
[EventDate "2022.10.08"]
[EventType "swiss"]
[EventRounds "6"]
[EventCountry "CAN"]
[TimeControl "5400+30"]

1. c4 Nf6 2. Nc3 e6 3. e4 d5 4. e5 Ne4 5. Nxe4 dxe4 6. Qg4 f5 7. exf6 Qxf6 8.
Qxe4 Bc5 9. Nf3 Nc6 10. Bd3 Bd7 11. O-O O-O-O 12. a3 g5 13. h3 Nd4 14. Ne5 Nf5
15. Ng4 Qf7 16. Qf3 Bc6 17. Be4 Bxe4 18. Qxe4 Ng3 19. Qe5 Bd6 20. fxg3 Qxf1+
21. Kxf1 Bxe5 22. Nxe5 Rhf8+ 23. Ke2 Rf5 24. Nf3 h5 25. d4 g4 26. Nh4 Rf7 27.
Be3 Rg8 28. Rg1 Kd7 29. b4 c6 30. hxg4 hxg4 31. Bf4 Rf6 32. a4 a6 33. Rc1 Rc8
34. Bg5 Rf7 35. Ng6 Rf5 36. Ne5+ Kd6 37. Bf4 Ke7 38. Nxg4 Rd8 39. Ne3 Rf7 40.
Bg5+ 1-0

[Event "Maritime Chess Festival op"]
[Site "Summerside CAN"]
[Date "2022.10.09"]
[Round "4"]
[White "Moreno Herrera, Rodrigo"]
[Black "Manley, Jason"]
[Result "1-0"]
[WhiteElo "1641"]
[BlackElo "2076"]
[PlyCount "65"]
[EventDate "2022.10.08"]
[EventType "swiss"]
[EventRounds "6"]
[EventCountry "CAN"]
[TimeControl "5400+30"]

1. e4 e6 2. d4 d5 3. exd5 exd5 4. c4 c6 5. Nc3 Nf6 6. Nf3 Bg4 7. Qb3 Qe7+ 8.
Ne5 Be6 9. Bg5 h6 10. cxd5 Bxd5 11. Nxd5 cxd5 12. Bb5+ Nc6 13. O-O hxg5 14.
Nxc6 bxc6 15. Bxc6+ Kd8 16. Bxa8 Qd6 17. g3 Nd7 18. Qxd5 Qh6 19. Qg2 Bd6 20.
Rac1 Nb6 21. Bc6 f5 22. a4 f4 23. a5 g4 24. axb6 f3 25. Bxf3 gxf3 26. bxa7 fxg2
27. a8=Q+ Ke7 28. Qxg2 Qf6 29. Qb7+ Ke6 30. Rfe1+ Kf5 31. Qd5+ Kg4 32. Re4+ Kh3
33. Re6 1-0